Životný cyklus podniku bakalárska práca

Salvato in:
Dettagli Bibliografici
Autore principale: Špačková, Zuzana
Ente Autore: Fakulta podnikového manažmentu EU. Katedra podnikovohospodárska
Altri autori: Mikušová, Nora, 1978-
Natura: Libro
Lingua:slovacco
Pubblicazione: Bratislava 2010
Tags: Aggiungi Tag
Nessun Tag, puoi essere il primo ad aggiungerne!!

MARC

LEADER 00000nbm a2200000 4500
001 0133383
005 20161109111523.4
041 0 |a slo 
044 |a SK 
245 1 0 |a Životný cyklus podniku  |b bakalárska práca  |c Zuzana Špačková ; školiteľ: Nora Mikušová 
264 1 |a Bratislava  |c 2010 
300 |a 47 s. 
100 1 |a Špačková, Zuzana 
700 1 |a Mikušová, Nora, 1978- 
710 2 |a Fakulta podnikového manažmentu EU. Katedra podnikovohospodárska